Normal view
MARC view
- الاطفال-علم نفس-المراهقة-جوانب نفسية
Entry Topical Term
001 - CONTROL NUMBER
- control field: 19740
003 - CONTROL NUMBER IDENTIFIER
- control field: JO-AjAnu
005 - DATE AND TIME OF LATEST TRANSACTION
- control field: 20230606073438.0
008 - FIXED-LENGTH DATA ELEMENTS
- fixed length control field: 230606|| aca||aabn | a|a d
040 ## - CATALOGING SOURCE
- Original cataloging agency: JO-AjAnu
- Transcribing agency: JO-AjAnu
150 ## - HEADING--TOPICAL TERM
- Topical term or geographic name entry element: الاطفال-علم نفس-المراهقة-جوانب نفسية
670 ## - SOURCE DATA FOUND
- Source citation: Work cat.: (JO-AjAnu)10135: ماسترز،وليم ، سييتز،رالف ، رزوق،خليل/ترجمة, author 19739, المراهقة والبلوغ:بحوث في الثقافة الجنسية